| 000 | 01793nam a22002537a 4500 | ||
|---|---|---|---|
| 005 | 20151124112016.0 | ||
| 008 | 150924s1915 sp ||||fr|||| 001 0 spa d | ||
| 040 |
_cSandra Yazo _dSandra Yazo |
||
| 041 | 0 | _aspa | |
| 082 | 0 | 4 |
_220 _a158.1 |
| 092 | _aE37N085 | ||
| 100 | 1 |
_aSuárez, Adriano _971726 |
|
| 245 | 1 | 0 |
_aLevantate y anda _bPrincipios fundamentales y normas prácticas de auto-educación y cultura humana _cFr. Adriano Suárez |
| 260 |
_aCádiz (España) _bImprenta de M. Añvarez _c1915 |
||
| 300 |
_a372 páginas _c19 x 14 cm |
||
| 500 | _aDetalles físicos: Encuadernación rígida en cartón forrado en tela. Tapa delantera y lomo con adornos en plateado. Guardas. Hoja de cortesía con una anotación manuscrita de donación. Anteportada. Portada impresa en una sola tinta enmarcada en un recuadro. Texto en una columna, notas al pie de página. Ejemplar en buen estado de conservación | ||
| 505 | 1 | _aEl éxito y el fracaso en la vida: Principios obvios, de sentido común ; Ideas ; Esclavos ; El gran motor humano ; Éxito y voluntad vigorosa -- Orientación y estímulos: Vitalidad humana, el sistema nervioso ; El universo y la vida humana ; La perfección y el espíritu ; El universo y la vida humana ; Los dos hemisferios de nuestro mundo vital ; notación y cualidades de la auto-sugestión ; Yo puedo -- Normas practicas: Gobierno y económica vital ; Agentes e impedimentos del vigor ; Un querer varonil ; Ejercicio de cultura física, ventajas y prácticas de la respiración profunda ; Vitalidad sexual ; Vida nueva | |
| 506 | _aConsulta en sala | ||
| 650 | 7 |
_99775 _aAutoeducación |
|
| 650 | 7 |
_915419 _aÉxito y personalidad |
|
| 650 | 7 |
_924952 _aSuperación personal |
|
| 690 |
_942902 _aPsicología |
||
| 942 |
_2LOCAL _cLIBRO _e1 _hE37N085 |
||
| 999 |
_c301593 _d301593 |
||